[Event "1st Lido Adriano Open"]
[Site "Ravenna ITA"]
[Date "2011.04.02"]
[Round "1"]
[White "Memarian, Milad"]
[Black "Delchev, Aleksander"]
[Result "0-1"]
[BlackTitle "GM"]
[WhiteElo "2028"]
[BlackElo "2625"]
[WhiteFideId "12503193"]
[BlackFideId "2900394"]
[EventDate "2011.04.02"]

1. e4 e5 2. Nf3 Nc6 3. Nc3 Nf6 4. g3 Bc5 5. Bg2 d6 6. O-O a6 7. d3 Be6 8. Be3
Bxe3 9. fxe3 Ne7 10. d4 Ng6 11. a4 O-O 12. Qe2 c6 13. a5 Qc7 14. Rfd1 Rad8 15.
h3 d5 16. exd5 Bxd5 17. e4 Be6 18. Qf2 exd4 19. Nxd4 Qe5 20. b4 Bc4 21. Ra3 Rd7 0-1

[Event "1st Lido Adriano Open"]
[Site "Ravenna ITA"]
[Date "2011.04.02"]
[Round "1"]
[White "Nabaty, Tamir"]
[Black "Basso, Pierluigi"]
[Result "1-0"]
[WhiteTitle "GM"]
[WhiteElo "2581"]
[BlackElo "1996"]
[WhiteFideId "2809052"]
[BlackFideId "866970"]
[EventDate "2011.04.02"]

1. e4 c5 2. Nf3 Nc6 3. Bb5 e6 4. Bxc6 bxc6 5. d3 Nf6 6. e5 Nd5 7. Nbd2 Be7 8. c4
Nf4 9. Ne4 Ng6 10. h4 Qc7 11. d4 cxd4 12. Qxd4 c5 13. Nd6+ Bxd6 14. exd6 cxd4
15. dxc7 Ba6 16. b3 Rc8 17. h5 Ne7 18. h6 gxh6 19. Bf4 f6 20. Rxh6 Ng8 21. Rh4
e5 22. Nxe5 Ne7 23. Nd3 Ng6 24. Rh5 Nxf4 25. Nxf4 Rxc7 26. Kd2 Bb7 27. Rah1 d6
28. Kd3 Rg8 29. Re1+ Kd7 30. Rxh7+ Kc6 31. Ree7 Rxe7 32. Rxe7 Kb6 33. f3 Rg5 34.
Re6 Kc7 35. Rxf6 Ra5 36. a4 Re5 37. Ne6+ 1-0

[Event "1st Lido Adriano Open"]
[Site "Ravenna ITA"]
[Date "2011.04.02"]
[Round "1"]
[White "Egan, Colm"]
[Black "Sulskis, Sarunas"]
[Result "0-1"]
[BlackTitle "GM"]
[WhiteElo "1996"]
[BlackElo "2564"]
[WhiteFideId "2501732"]
[BlackFideId "12800112"]
[EventDate "2011.04.02"]

1. d4 d6 2. e4 Nf6 3. Nc3 g6 4. Be3 c6 5. Qd2 Qa5 6. Bd3 Ng4 7. Bg5 f6 8. Bh4
Bh6 9. Qe2 Qb4 10. Rb1 Qxd4 11. Nf3 Qc5 12. Bg3 Ne5 13. Nxe5 dxe5 14. O-O Nd7
15. Nd1 a5 16. Kh1 Bf4 17. Qf3 Bxg3 18. Qxg3 Nf8 19. f4 Be6 20. a3 exf4 21. Qxf4
Nd7 22. b4 axb4 23. axb4 Qe5 24. Qf2 b5 25. Ne3 O-O 26. h3 Ra3 27. Qe2 Rfa8 28.
Rfd1 Qc3 29. Qd2 Ne5 30. Qxc3 Rxc3 31. Kg1 Raa3 0-1

[Event "1st Lido Adriano Open"]
[Site "Ravenna ITA"]
[Date "2011.04.02"]
[Round "1"]
[White "Svetushkin, Dmitry"]
[Black "O'Leary, Matt"]
[Result "1-0"]
[WhiteTitle "GM"]
[WhiteElo "2543"]
[BlackElo "1995"]
[WhiteFideId "13900463"]
[BlackFideId "2501970"]
[EventDate "2011.04.02"]

1. e4 c5 2. Nf3 Nc6 3. Bb5 g6 4. Bxc6 dxc6 5. d3 Bg7 6. h3 Nf6 7. Nc3 O-O 8. Be3
Qa5 9. Qd2 Rd8 10. O-O c4 11. d4 b5 12. a3 c5 13. d5 Qb6 14. e5 Nd7 15. d6 e6
16. Bg5 f6 17. exf6 Bxf6 18. Ne4 Bxg5 19. Nfxg5 Bb7 20. Qf4 Rf8 21. Qh4 h5 22.
Nxe6 Bxe4 23. Qxe4 1-0

[Event "1st Lido Adriano Open"]
[Site "Ravenna ITA"]
[Date "2011.04.02"]
[Round "1"]
[White "Rauta, Nicolas"]
[Black "Vovk, Yuri"]
[Result "0-1"]
[BlackTitle "GM"]
[WhiteElo "1975"]
[BlackElo "2541"]
[WhiteFideId "206873"]
[BlackFideId "14113171"]
[EventDate "2011.04.02"]

1. c4 Nf6 2. Nc3 g6 3. g3 Bg7 4. Bg2 O-O 5. d3 e5 6. e4 d6 7. Nge2 c6 8. h3 Na6
9. O-O Nc7 10. f4 exf4 11. Nxf4 Re8 12. Kh2 Rb8 13. Be3 b6 14. Qd2 Bb7 15. Rae1
d5 16. exd5 cxd5 17. cxd5 Ncxd5 18. Nfxd5 Nxd5 19. Bf4 Rxe1 20. Rxe1 Nxf4 21.
Qxf4 Bxg2 22. Kxg2 Rc8 23. Rf1 Qd7 24. Re1 Bxc3 25. bxc3 Rxc3 26. Qb4 Rxd3 0-1

[Event "1st Lido Adriano Open"]
[Site "Ravenna ITA"]
[Date "2011.04.02"]
[Round "1"]
[White "Moradiabadi, Elshan"]
[Black "Di Lascio, Savino"]
[Result "1-0"]
[WhiteTitle "GM"]
[WhiteElo "2537"]
[BlackElo "1974"]
[WhiteFideId "12501255"]
[BlackFideId "810550"]
[EventDate "2011.04.02"]

1. d4 Nf6 2. c4 c5 3. d5 b5 4. cxb5 a6 5. Nc3 d6 6. e4 g6 7. bxa6 Bg7 8. Nf3 O-O
9. Be2 Bxa6 10. O-O Nbd7 11. Re1 Qb6 12. Bxa6 Rxa6 13. Rb1 Rb8 14. Bg5 h6 15.
Bh4 Qc7 16. Qc2 Nh5 17. Bxe7 Bxc3 18. bxc3 Qa7 19. a4 Rxb1 20. Rxb1 Rxa4 21.
Bxd6 Ra2 22. Qc1 Kh7 23. c4 Qa4 24. e5 Rc2 25. Qe1 Qxc4 26. e6 fxe6 27. dxe6
Ndf6 28. h3 Re2 29. Rb7+ Ng7 30. Qa1 Rxe6 31. Bf8 Ra6 32. Rxg7+ Kh8 33. Qb1 Ra8
34. Rxg6 Qf7 35. Bg7+ 1-0

[Event "1st Lido Adriano Open"]
[Site "Ravenna ITA"]
[Date "2011.04.02"]
[Round "1"]
[White "Litrico, Paolo"]
[Black "Vovk, Andrey"]
[Result "0-1"]
[BlackTitle "GM"]
[WhiteElo "1963"]
[BlackElo "2528"]
[WhiteFideId "829781"]
[BlackFideId "14114470"]
[EventDate "2011.04.02"]

1. d4 Nf6 2. Nf3 g6 3. Nc3 d5 4. Bf4 Bg7 5. e3 O-O 6. Be2 c5 7. Ne5 Qb6 8. O-O
cxd4 9. exd4 Bf5 10. Na4 Qd8 11. Nc5 b6 12. Ncd3 Ne4 13. c3 f6 14. Ng4 Be6 15.
f3 Nd6 16. Bh6 Nc6 17. Bxg7 Kxg7 18. Qd2 Bxg4 19. fxg4 Nc4 20. Qc1 e5 21. b3 Nd6
22. Qb2 Nf7 23. Rad1 Qe7 24. Nf2 Rad8 25. Bb5 Qc7 26. Nh3 h6 27. Bd3 Ng5 28.
Nxg5 hxg5 29. Qf2 e4 30. Be2 f5 31. gxf5 gxf5 32. g3 Rf6 33. c4 Rh8 34. cxd5 Ne7
35. d6 Qxd6 36. d5 Rfh6 37. Qd4+ Kg6 38. Rf2 Qxg3+ 39. Rg2 Qd6 40. Qe3 Rxh2 41.
Qxg5+ Kf7 42. Qg7+ Ke8 43. Bb5+ Kd8 44. Bf1 0-1

[Event "1st Lido Adriano Open"]
[Site "Ravenna ITA"]
[Date "2011.04.02"]
[Round "1"]
[White "Boros, Denes"]
[Black "Korhonen, Erkki"]
[Result "1-0"]
[WhiteTitle "GM"]
[WhiteElo "2513"]
[BlackElo "1944"]
[WhiteFideId "722340"]
[BlackFideId "4690540"]
[EventDate "2011.04.02"]

1. e4 c5 2. Nf3 d6 3. d4 cxd4 4. Nxd4 Nf6 5. Nc3 g6 6. Be3 Bg7 7. f3 O-O 8. Qd2
Nc6 9. Bc4 Bd7 10. Bb3 Rc8 11. O-O-O Ne5 12. Kb1 Nc4 13. Bxc4 Rxc4 14. g4 Re8
15. h4 h5 16. gxh5 Nxh5 17. Rhg1 Qa5 18. Rg5 Rc5 19. Nb3 Bxc3 20. bxc3 Rb5 21.
e5 Qa3 22. c4 Rb4 23. Rxh5 gxh5 24. Rg1+ Kh8 25. Bd4 Bf5 26. Qh6+ Bh7 27. Qg7# 1-0

[Event "1st Lido Adriano Open"]
[Site "Ravenna ITA"]
[Date "2011.04.02"]
[Round "1"]
[White "Solaroli, Riccardo"]
[Black "Rombaldoni, Denis"]
[Result "0-1"]
[BlackTitle "IM"]
[WhiteElo "1937"]
[BlackElo "2498"]
[WhiteFideId "809810"]
[BlackFideId "813575"]
[EventDate "2011.04.02"]

1. e4 c6 2. Nc3 d5 3. Qf3 d4 4. Nce2 c5 5. Ng3 Nc6 6. Bb5 Qb6 7. Bxc6+ Qxc6 8.
e5 Bd7 9. d3 g6 10. Qe4 Bg7 11. Nf3 h5 12. Bf4 h4 13. Qxc6 Bxc6 14. Ne4 Bxe4 15.
dxe4 e6 16. Nd2 g5 17. Bxg5 Bxe5 18. Nc4 Bc7 19. a4 f6 20. Bd2 Ne7 21. O-O-O Nc6
22. b3 b6 23. Nb2 Kf7 24. Nd3 a6 25. Bf4 Bxf4+ 26. Nxf4 b5 27. axb5 axb5 28. Kb2
c4 29. c3 b4 30. cxd4 c3+ 31. Kb1 Ra3 32. d5 exd5 33. Rxd5 Ne5 34. Nd3 Nxd3 35.
Rxd3 Rxb3+ 36. Kc2 Rb2+ 37. Kd1 Ra8 0-1

[Event "1st Lido Adriano Open"]
[Site "Ravenna ITA"]
[Date "2011.04.02"]
[Round "2"]
[White "Hasangatin, Ramil"]
[Black "Di Lazzaro, Gabriele"]
[Result "1-0"]
[WhiteTitle "GM"]
[WhiteElo "2494"]
[BlackElo "1921"]
[WhiteFideId "4122160"]
[BlackFideId "812676"]
[EventDate "2011.04.02"]

1. d4 Nf6 2. Nc3 d5 3. Bg5 e6 4. e4 dxe4 5. Nxe4 Be7 6. Bxf6 Bxf6 7. Nf3 O-O 8.
Bc4 Nc6 9. c3 b6 10. Qc2 Bb7 11. O-O-O Qe7 12. Rhe1 Na5 13. Bd3 c5 14. Nxf6+
Qxf6 15. Bxh7+ Kh8 16. Be4 cxd4 17. Rxd4 Rac8 18. Bxb7 Nxb7 19. Rh4+ 1-0

[Event "1st Lido Adriano Open"]
[Site "Ravenna ITA"]
[Date "2011.04.03"]
[Round "2"]
[White "Delchev, Aleksander"]
[Black "Radovanovic, Jovica"]
[Result "1-0"]
[WhiteTitle "GM"]
[BlackTitle "FM"]
[WhiteElo "2625"]
[BlackElo "2299"]
[WhiteFideId "2900394"]
[BlackFideId "915912"]
[EventDate "2011.04.02"]

1. e4 e5 2. Nf3 Nc6 3. Bb5 a6 4. Ba4 Nf6 5. O-O Be7 6. d3 b5 7. Bb3 d6 8. c3 O-O
9. Re1 Nd7 10. Nbd2 Na5 11. Bc2 c5 12. Nf1 Re8 13. a3 Nb6 14. Ne3 Bf8 15. h3 Nc6
16. a4 Nxa4 17. Bxa4 bxa4 18. Qxa4 Bd7 19. Qc2 Qc8 20. Kh2 Qb7 21. Nd2 a5 22.
Ndc4 Ra6 23. b3 Be6 24. Bd2 Rea8 25. Ra4 g6 26. Rea1 R6a7 27. R1a3 Ra6 28. Qd1
h5 29. Qf3 R6a7 30. Nd5 Bxd5 31. exd5 Nb8 32. Nxa5 Qc7 33. Nc4 Nd7 34. g4 hxg4
35. hxg4 Qb7 36. Na5 Rxa5 37. Rxa5 Rxa5 38. Rxa5 Qxb3 39. Ra7 Qb5 40. c4 1-0

[Event "1st Lido Adriano Open"]
[Site "Ravenna ITA"]
[Date "2011.04.03"]
[Round "2"]
[White "Sulskis, Sarunas"]
[Black "Kraidman, Yair"]
[Result "1-0"]
[WhiteTitle "GM"]
[BlackTitle "GM"]
[WhiteElo "2564"]
[BlackElo "2258"]
[WhiteFideId "12800112"]
[BlackFideId "2800187"]
[EventDate "2011.04.02"]

1. c4 c5 2. b3 Nc6 3. Bb2 e5 4. g3 d6 5. Bg2 Nge7 6. e3 g6 7. Ne2 Bg7 8. Nbc3
O-O 9. O-O Be6 10. Nd5 Qd7 11. Nec3 f5 12. d3 Rab8 13. f4 exf4 14. gxf4 Rbe8 15.
Qd2 Bxd5 16. cxd5 Nb4 17. Kh1 Na6 18. Rae1 Nc7 19. Bf3 b5 20. Qg2 b4 21. Na4 Nc8
22. e4 Bxb2 23. Nxb2 Nb6 24. Nc4 Nxc4 25. dxc4 fxe4 26. Bxe4 Kh8 27. Qg3 Re7 28.
Qh4 Rg7 29. Bxg6 a5 30. f5 Qd8 31. Qxd8 Rxd8 32. Bh5 Rf8 33. f6 Rg5 34. Bd1 Ne8
35. Re6 Rg6 36. f7 Ng7 37. Rxg6 hxg6 38. Bc2 1-0

[Event "1st Lido Adriano Open"]
[Site "Ravenna ITA"]
[Date "2011.04.03"]
[Round "2"]
[White "Vovk, Yuri"]
[Black "Hoenick, Andreas"]
[Result "1-0"]
[WhiteTitle "GM"]
[BlackTitle "CM"]
[WhiteElo "2541"]
[BlackElo "2210"]
[WhiteFideId "14113171"]
[BlackFideId "4673522"]
[EventDate "2011.04.02"]

1. e4 e6 2. d4 d5 3. Nc3 Bb4 4. e5 Ne7 5. a3 Bxc3+ 6. bxc3 c5 7. a4 Qa5 8. Qd2
Nbc6 9. Nf3 b6 10. Bb5 Bd7 11. Ba3 a6 12. Bd3 f6 13. exf6 gxf6 14. O-O Kf7 15.
Qf4 Qxc3 16. Rfb1 c4 17. Bxh7 Rae8 18. Bb2 Qa5 19. Ra3 b5 20. Ng5+ Kg7 21. Rg3 1-0

[Event "1st Lido Adriano Open"]
[Site "Ravenna ITA"]
[Date "2011.04.03"]
[Round "2"]
[White "Molina, Fabrizio"]
[Black "Moradiabadi, Elshan"]
[Result "0-1"]
[WhiteTitle "FM"]
[BlackTitle "GM"]
[WhiteElo "2220"]
[BlackElo "2537"]
[WhiteFideId "805637"]
[BlackFideId "12501255"]
[EventDate "2011.04.02"]

1. Nf3 g6 2. c4 Bg7 3. Nc3 c5 4. d4 cxd4 5. Nxd4 Nc6 6. Nc2 Bxc3+ 7. bxc3 Nf6 8.
f3 O-O 9. e4 d6 10. Be2 Ne5 11. Nd4 Qa5 12. Qb3 Bd7 13. Ba3 Rfc8 14. Rc1 Qa4 15.
Nb5 Rxc4 16. f4 Bxb5 17. fxe5 Nxe4 18. Bxc4 Qxc4 19. Qxc4 Bxc4 20. exd6 exd6 21.
Rc2 Bd3 22. Rb2 b5 23. Kd1 Rc8 24. Re1 Rxc3 25. Bb4 Rc4 26. a3 f5 27. Re3 Rd4
28. g3 Kf7 29. Ke1 Bc4 30. Rb1 Ke6 31. Bc3 Rd3 32. Rxd3 Bxd3 33. Bb4 Bxb1 0-1

[Event "1st Lido Adriano Open"]
[Site "Ravenna ITA"]
[Date "2011.04.03"]
[Round "2"]
[White "Vovk, Andrey"]
[Black "Popa, Claudio"]
[Result "1-0"]
[WhiteTitle "GM"]
[BlackTitle "CM"]
[WhiteElo "2528"]
[BlackElo "2195"]
[WhiteFideId "14114470"]
[BlackFideId "805904"]
[EventDate "2011.04.02"]

1. e4 e5 2. Nf3 Nc6 3. Bb5 a6 4. Ba4 Nf6 5. O-O Be7 6. Re1 b5 7. Bb3 d6 8. c3
Na5 9. Bc2 c5 10. d4 Qc7 11. a4 b4 12. cxb4 cxb4 13. h3 O-O 14. b3 Re8 15. Be3
Bf8 16. Nbd2 Qb7 17. Rc1 g6 18. Bd3 Bd7 19. Bg5 Bg7 20. dxe5 dxe5 21. Rc5 Nc6
22. Nc4 Qa7 23. Be3 Qb8 24. Na5 Nxa5 25. Rxa5 Bc6 26. Qc2 Bb7 27. Bc5 Rc8 28.
Qe2 Rxc5 29. Rxc5 Nd7 30. Rc4 a5 31. Rec1 Nf8 32. R4c2 Ne6 33. Bc4 Qe8 34. Bxe6
Qxe6 35. Rc7 Bh6 36. R1c5 Ba6 37. Qc2 Bg7 38. R5c6 Qe8 39. Rxa6 1-0

[Event "1st Lido Adriano Open"]
[Site "Ravenna ITA"]
[Date "2011.04.03"]
[Round "2"]
[White "Addison, Bret C"]
[Black "Boros, Denes"]
[Result "1-0"]
[BlackTitle "GM"]
[WhiteElo "2201"]
[BlackElo "2513"]
[WhiteFideId "408107"]
[BlackFideId "722340"]
[EventDate "2011.04.02"]

1. d4 d5 2. c4 c6 3. Nc3 dxc4 4. e4 b5 5. a4 b4 6. Na2 Nf6 7. e5 Nd5 8. Bxc4 Bf5
9. Nf3 e6 10. Bg5 Be7 11. Bxe7 Qxe7 12. Nc1 a5 13. O-O Nd7 14. Nb3 O-O 15. Qd2
h6 16. Rfc1 Be4 17. Qe2 f5 18. Nbd2 Nf4 19. Qe3 Nd5 20. Qe2 Nf4 21. Qe3 Nd5 22.
Qe2 c5 23. Nxe4 fxe4 24. Qxe4 Rf4 25. Qg6 cxd4 26. Bxd5 exd5 27. Qc6 Raf8 28.
Qxd5+ Kh8 29. Rc7 Rxf3 30. gxf3 Qg5+ 31. Kh1 Nb6 32. Qe4 Qd8 33. Rc6 d3 34. Rd6
Qc7 35. Rc6 Qd8 36. Rg1 d2 37. Rd6 Qc7 38. Rxd2 Nxa4 39. e6 Nc5 40. Qg4 Qe7 41.
Rd5 Rg8 42. Rh5 1-0

[Event "1st Lido Adriano Open"]
[Site "Ravenna ITA"]
[Date "2011.04.03"]
[Round "2"]
[White "Rombaldoni, Denis"]
[Black "Casadei, Mauro"]
[Result "1-0"]
[WhiteTitle "IM"]
[WhiteElo "2498"]
[BlackElo "2177"]
[WhiteFideId "813575"]
[BlackFideId "804002"]
[EventDate "2011.04.02"]

1. d4 Nf6 2. Nf3 e6 3. e3 d5 4. Bd3 c5 5. c3 Nc6 6. O-O Bd6 7. Nbd2 O-O 8. dxc5
Bxc5 9. e4 h6 10. Qe2 Qc7 11. Bc2 Bd6 12. h3 Bd7 13. Re1 dxe4 14. Nxe4 Nxe4 15.
Qxe4 f5 16. Qc4 Ne5 17. Nxe5 Bxe5 18. Bb3 Rae8 19. Be3 a6 20. Rad1 Bc8 21. Qb4
b5 22. a4 f4 23. Bc5 f3 24. Bxf8 fxg2 25. Bd6 1-0

[Event "1st Lido Adriano Open"]
[Site "Ravenna ITA"]
[Date "2011.04.03"]
[Round "2"]
[White "Valenta, Vit"]
[Black "Hasangatin, Ramil"]
[Result "0-1"]
[BlackTitle "GM"]
[WhiteElo "2181"]
[BlackElo "2494"]
[WhiteFideId "307440"]
[BlackFideId "4122160"]
[EventDate "2011.04.02"]

1. Nf3 d5 2. c4 c6 3. b3 Bf5 4. Bb2 e6 5. g3 Nf6 6. Bg2 Nbd7 7. O-O h6 8. d3 Be7
9. Nbd2 O-O 10. Re1 Bh7 11. Qc2 a5 12. Rad1 Bc5 13. e3 Qe7 14. Ne5 Nxe5 15. Bxe5
Bb4 16. Bc3 Rfd8 17. Nf3 Nd7 18. Qb2 Bxc3 19. Qxc3 Qa3 20. Re2 a4 21. cxd5 exd5
22. Nd4 axb3 23. axb3 Nc5 24. Nc2 Na4 25. Qe1 Qxb3 26. Rb1 Qc3 27. Rxb7 Bxd3 28.
Qxc3 Nxc3 29. Rd2 Ne2+ 30. Kh1 Bxc2 31. Rxc2 Ra1+ 32. Bf1 Rxf1+ 33. Kg2 Re1 34.
Rbb2 Nc1 0-1

[Event "1st Lido Adriano Open"]
[Site "Ravenna ITA"]
[Date "2011.04.03"]
[Round "2"]
[White "Brinck-Claussen, Bjorn"]
[Black "Svetushkin, Dmitry"]
[Result "1-0"]
[WhiteTitle "IM"]
[BlackTitle "GM"]
[WhiteElo "2262"]
[BlackElo "2543"]
[WhiteFideId "1400134"]
[BlackFideId "13900463"]
[EventDate "2011.04.02"]

1. e4 e5 2. Nf3 Nc6 3. Bb5 a6 4. Ba4 Nge7 5. c3 g6 6. d4 exd4 7. cxd4 b5 8. Bb3
Bg7 9. O-O d6 10. a4 b4 11. a5 O-O 12. h3 d5 13. exd5 Nxd5 14. Bg5 f6 15. Bf4
Be6 16. Bh2 Bf7 17. Nbd2 Qb8 18. Qc2 Na7 19. Ne4 Nb5 20. Qc6 Qd8 21. Nc5 Ne7 22.
Bxf7+ Rxf7 23. Qe6 Qd5 24. Rfe1 Nd6 25. Ra4 Qc6 26. Raa1 Nd5 27. Bxd6 Qxd6 28.
Qe2 Bf8 29. Qc4 Qc6 30. Rac1 Nf4 31. Qb3 Qb5 32. Rc4 Qxa5 33. Nd7 Kg7 34. Nxf8
Raxf8 35. Rc5 Qb6 36. Qc4 a5 37. Rc6 Qb8 38. d5 g5 39. g3 Nxh3+ 40. Kg2 Qc8 41.
Ree6 h5 42. Nd4 g4 43. Nf5+ Kh7 44. Nd6 Qd8 45. Nxf7 Rxf7 46. f4 Kg7 47. Qe4 a4
48. Re8 Qd7 49. Rce6 c6 50. d6 Qa7 51. Rg8+ 1-0

[Event "1st Lido Adriano Open"]
[Site "Ravenna ITA"]
[Date "2011.04.03"]
[Round "2"]
[White "Djingarova, Emilia"]
[Black "Nabaty, Tamir"]
[Result "0-1"]
[WhiteTitle "WGM"]
[BlackTitle "GM"]
[WhiteElo "2349"]
[BlackElo "2581"]
[WhiteFideId "2903229"]
[BlackFideId "2809052"]
[EventDate "2011.04.02"]

1. Nf3 c5 2. c4 Nc6 3. d4 cxd4 4. Nxd4 Nf6 5. g3 Na5 6. Qa4 e5 7. Nb5 a6 8. N5c3
Qc7 9. Bg5 Nxc4 10. Bxf6 b5 11. Nxb5 axb5 12. Qxa8 Nb6 13. Qxc8+ Qxc8 14. Bg5
Bb4+ 15. Nd2 Qc6 16. f3 h6 0-1

[Event "1st Lido Adriano Open"]
[Site "Ravenna ITA"]
[Date "2011.04.04"]
[Round "3"]
[White "Hasangatin, Ramil"]
[Black "Delchev, Aleksander"]
[Result "1/2-1/2"]
[WhiteTitle "GM"]
[BlackTitle "GM"]
[WhiteElo "2494"]
[BlackElo "2625"]
[WhiteFideId "4122160"]
[BlackFideId "2900394"]
[EventDate "2011.04.02"]

1. e4 e5 2. Nf3 Nc6 3. Bb5 a6 4. Bxc6 dxc6 5. Nc3 f6 6. d4 Bb4 7. Qd2 exd4 8.
Nxd4 Nh6 9. f3 Nf7 10. Qf2 Ne5 11. Ne2 O-O 12. O-O Qe7 13. Qg3 Nc4 14. Kh1 a5
15. b3 Na3 16. Bf4 Rf7 17. Rac1 f5 18. Bg5 Qe8 19. Rfd1 Be6 20. Bf4 Rc8 21. Be5
Re7 22. Bf6 Rf7 23. Be5 Re7 24. Bf6 Rf7 1/2-1/2

[Event "1st Lido Adriano Open"]
[Site "Ravenna ITA"]
[Date "2011.04.04"]
[Round "3"]
[White "Nabaty, Tamir"]
[Black "Shytaj, Luca"]
[Result "0-1"]
[WhiteTitle "GM"]
[BlackTitle "IM"]
[WhiteElo "2581"]
[BlackElo "2475"]
[WhiteFideId "2809052"]
[BlackFideId "812633"]
[EventDate "2011.04.02"]

1. e4 c5 2. Nf3 d6 3. c3 Nf6 4. Qc2 Bg4 5. d4 Nbd7 6. Nfd2 cxd4 7. cxd4 Rc8 8.
Nc3 e5 9. d5 Nc5 10. b4 Na6 11. Nc4 Bd7 12. Qb3 Be7 13. f3 O-O 14. Be3 Nh5 15.
Na5 Bh4+ 16. g3 Qf6 17. Be2 Nf4 18. Bf2 Nd3+ 19. Kf1 Bh3+ 20. Kg1 Nf4 21. Bf1
Bxf1 22. Kxf1 Nd3 23. Kg2 Qg6 24. Rhf1 f5 25. exf5 Rxf5 26. Ne4 Naxb4 27. Rad1
Rxf3 28. Kxf3 Rf8+ 29. Kg2 Qxe4+ 30. Kg1 Bg5 31. Nc4 Rxf2 32. Rxf2 Qd4 33. Rf1
Nxf2 34. Qf3 Ne4+ 35. Kg2 Nf6 36. h4 Bh6 37. Nxd6 Qxd5 38. Nf5 Qxf3+ 39. Rxf3
Bd2 40. g4 e4 41. Rb3 Nxg4 42. a3 Nd5 43. Nd6 e3 44. Rxb7 h5 0-1

[Event "1st Lido Adriano Open"]
[Site "Ravenna ITA"]
[Date "2011.04.04"]
[Round "3"]
[White "Bruno, Fabio"]
[Black "Sulskis, Sarunas"]
[Result "1/2-1/2"]
[WhiteTitle "IM"]
[BlackTitle "GM"]
[WhiteElo "2446"]
[BlackElo "2564"]
[WhiteFideId "801038"]
[BlackFideId "12800112"]
[EventDate "2011.04.02"]

1. d4 Nf6 2. Nf3 c5 3. c3 d5 4. e3 g6 5. dxc5 Bg7 6. Nbd2 O-O 7. b4 a5 8. Bb2
Ne4 9. Nxe4 axb4 10. Nd4 dxe4 11. cxb4 Nc6 12. Nxc6 Qxd1+ 13. Rxd1 Bxb2 14.
Nxe7+ Kg7 15. Nd5 Rxa2 16. Bc4 Ra4 17. O-O Be6 18. Bb5 Ra3 19. c6 bxc6 20. Bxc6
Be5 21. b5 Rb8 22. Rc1 Bxd5 23. Bxd5 Rxb5 24. Bxe4 1/2-1/2

[Event "1st Lido Adriano Open"]
[Site "Ravenna ITA"]
[Date "2011.04.04"]
[Round "3"]
[White "Moradiabadi, Elshan"]
[Black "Stark, Lars"]
[Result "1-0"]
[WhiteTitle "GM"]
[BlackTitle "IM"]
[WhiteElo "2537"]
[BlackElo "2418"]
[WhiteFideId "12501255"]
[BlackFideId "4676386"]
[EventDate "2011.04.02"]

1. d4 Nf6 2. c4 e6 3. Nc3 Bb4 4. g3 c5 5. Nf3 cxd4 6. Nxd4 Ne4 7. Qd3 Nxc3 8.
bxc3 Be7 9. Bg2 O-O 10. O-O Nc6 11. Bf4 g5 12. Nxc6 dxc6 13. Be3 Qxd3 14. exd3
Rd8 15. d4 Bd7 16. a4 Rab8 17. a5 h6 18. f4 b6 19. axb6 axb6 20. Ra7 Bf6 21. Rb1
Be8 22. fxg5 hxg5 23. Ra6 c5 24. d5 b5 25. dxe6 Bxc3 26. exf7+ Bxf7 27. cxb5 Bd4
28. Bf2 Bc4 29. Rg6+ Kf7 30. Rxg5 Bd3 31. Re1 c4 32. Bxd4 Rxd4 33. Rc5 Kf6 34.
Rc6+ Kg7 35. b6 c3 36. Rc7+ Kf6 37. Rc6+ Kg7 38. Rc7+ Kf6 39. Rxc3 Rxb6 40. Rc6+
Rxc6 41. Bxc6 Bf5 42. Bf3 Rd2 43. Re2 Rxe2 44. Bxe2 Ke5 45. Kf2 Be4 46. h3 Bd5
47. Ke3 Bg2 48. Bg4 Be4 49. Bd7 Bg2 50. Bc8 Be4 51. g4 Bg2 52. g5 Be4 53. h4 Bg6
54. Bg4 Be4 55. h5 Bc2 56. Bd7 Kd6 57. Be8 Ke7 58. Bb5 Bd1 59. h6 Kf7 60. Kf4
Bc2 61. Bc6 Bd3 62. Bd5+ Kf8 63. Be4 Bc4 64. g6 1-0

[Event "1st Lido Adriano Open"]
[Site "Ravenna ITA"]
[Date "2011.04.04"]
[Round "3"]
[White "Aguera Naredo, Javier"]
[Black "Vovk, Andrey"]
[Result "0-1"]
[WhiteTitle "FM"]
[BlackTitle "GM"]
[WhiteElo "2359"]
[BlackElo "2528"]
[WhiteFideId "2204169"]
[BlackFideId "14114470"]
[EventDate "2011.04.02"]

1. e4 c5 2. Nf3 Nc6 3. d4 cxd4 4. Nxd4 Nf6 5. Nc3 d6 6. Bg5 e6 7. Qd2 a6 8.
O-O-O Bd7 9. f4 b5 10. Bxf6 gxf6 11. Nxc6 Bxc6 12. Qe1 Ra7 13. Bd3 Qb6 14. Qh4
b4 15. Ne2 Bxe4 16. Bxe4 Qe3+ 17. Kb1 Qxe4 18. Rhe1 Be7 19. Qf2 Rc7 20. Nd4 Qb7
21. Qg3 h5 22. Qg7 Rf8 23. g3 Rc5 24. Qh7 Rd5 25. Rd3 Qc7 26. Qe4 Rc5 27. Nb3
Rxc2 28. Nd4 Rc5 29. Nb3 Rc4 30. Qa8+ Qc8 31. Qf3 f5 32. Qxh5 Kd7 33. Nd4 Qb7
34. Qd1 Kc8 35. Qb3 Rc7 36. a3 d5 37. axb4 Qxb4 38. Rc1 Rxc1+ 39. Kxc1 Kd7 0-1

[Event "1st Lido Adriano Open"]
[Site "Ravenna ITA"]
[Date "2011.04.04"]
[Round "3"]
[White "Brinck-Claussen, Bjorn"]
[Black "Rombaldoni, Denis"]
[Result "0-1"]
[WhiteTitle "IM"]
[BlackTitle "IM"]
[WhiteElo "2262"]
[BlackElo "2498"]
[WhiteFideId "1400134"]
[BlackFideId "813575"]
[EventDate "2011.04.02"]

1. e4 c5 2. Nf3 Nc6 3. d4 cxd4 4. Nxd4 Nf6 5. Nc3 d6 6. Bg5 Qb6 7. Nb3 e6 8. Be2
a6 9. O-O Be7 10. Bxf6 gxf6 11. Kh1 Bd7 12. Bh5 Rg8 13. f4 Rg7 14. a4 Na5 15.
Nxa5 Qxa5 16. f5 Kf8 17. Ne2 Rc8 18. Bf3 Kg8 19. Nf4 Kh8 20. c3 Rc4 21. Qd2 Rxa4
22. Rxa4 Qxa4 23. Nh5 Rg5 24. h4 Rxh5 25. Bxh5 Qxe4 26. Qf2 Kg7 27. Qg3+ Kf8 28.
fxe6 fxe6 29. Qg5 f5 30. Qh6+ Kg8 31. Rf3 Qxh4+ 32. Rh3 Qg5 0-1